000 00189 a2200097 4500
020 _a9789707701236
041 _aspa
100 _aCarlos Fuentes
245 _aCuentos naturales
942 _cBK
999 _c28969
_d28967